[Event "DVM U12 2020"]
[Site "Magdeburg GER"]
[Date "2021.08.05"]
[Round "1"]
[White "Marrufo, Emilia"]
[Black "Tran, Anh Duc Kevin"]
[Result "0-1"]
[Termination "normal"]
[Board "9.3"]
[WhiteElo "898"]
[BlackElo "1338"]
[WhiteClock "00:30:08"]
[BlackClock "00:13:31"]
[WhiteTeam "SV Werder Bremen"]
[BlackTeam "USV Erfurt"]
[PlyCount "82"]
[WhiteFideId "16287363"]
[BlackFideId "34608125"]
[EventCountry "GER"]
[EventRounds "7"]
[EventType "team-swiss"]
[EventDate "2021.08.04"]

1. d4 {[%emt 0:08:58]} d5 {[%emt 0:00:00]} 2. Bf4 {[%emt 0:00:00]} Nc6 {[%emt
0:00:00]} 3. c3 {[%emt 0:00:02]} Bf5 {[%emt 0:01:45]} 4. e3 {[%emt 0:01:43]} a6
{[%emt 0:03:29]} 5. Nf3 {[%emt 0:02:50]} e6 {[%emt 0:05:48]} 6. Bd3 {[%emt 0:
02:26]} Bxd3 {[%emt 0:03:51]} 7. Qxd3 {[%emt 0:02:34]} Nf6 {[%emt 0:02:33]} 8.
O-O {[%emt 0:02:16]} Bd6 {[%emt 0:19:57]} 9. Bxd6 {[%emt 0:00:00]} cxd6 {[%emt
0:00:00]} 10. Nbd2 {[%emt 0:00:06]} e5 {[%emt 0:00:00]} 11. Qc2 {[%emt 0:00:00]
} O-O {[%emt 0:01:55]} 12. Rfe1 {[%emt 0:01:37]} e4 {[%emt 0:06:00]} 13. Ng5 {
[%emt 0:05:17]} Nd7 {[%emt 0:02:11]} 14. Nh3 {[%emt 0:01:26]} Rc8 {[%emt 0:02:
03]} 15. Rad1 {[%emt 0:05:16]} Nb4 {[%emt 0:02:39]} 16. Qb3 {[%emt 0:02:36]}
Nd3 {[%emt 0:07:59]} 17. Rf1 {[%emt 0:00:00]} Nb6 {[%emt 0:01:16]} 18. a4 {
[%emt 0:02:07]} Qc7 {[%emt 0:27:30]} 19. a5 Nc4 {[%emt 0:00:00]} 20. Nxc4 {
[%emt 0:05:07]} dxc4 {[%emt 0:00:00]} 21. Qa3 {[%emt 0:00:00]} d5 {[%emt 0:00:
00]} 22. Nf4 {[%emt 0:00:00]} Nxf4 {[%emt 0:05:37]} 23. exf4 {[%emt 0:00:00]}
Qxf4 {[%emt 0:00:04]} 24. Qe7 {[%emt 0:00:00]} Rc7 {[%emt 0:00:00]} 25. Qa3 {
[%emt 0:00:00]} Re8 {[%emt 0:13:27]} 26. Rde1 {[%emt 0:00:00]} Qh6 {[%emt 0:00:
00]} 27. Re3 {[%emt 0:00:00]} b6 {[%emt 0:00:04]} 28. b3 {[%emt 0:00:18]} b5 {
[%emt 0:03:31]} 29. bxc4 {[%emt 0:10:43]} Rxc4 {[%emt 0:00:00]} 30. Rfe1 {
[%emt 0:00:00]} f5 {[%emt 0:00:00]} 31. f3 {[%emt 0:00:04]} f4 {[%emt 0:01:14]}
32. R3e2 e3 {[%emt 0:00:30]} 33. Qa2 Qc6 {[%emt 0:00:30]} 34. Qb1 Rxc3 {[%emt
0:00:30]} 35. Rc2 Rxc2 {[%emt 0:00:30]} 36. Qd1 b4 {[%emt 0:00:30]} 37. Qd3 Qc3
{[%emt 0:00:30]} 38. Qxa6 Qxe1+ {[%emt 0:00:30]} 39. Qf1 Qf2+ {[%emt 0:00:30]}
40. Qxf2 exf2+ {[%emt 0:00:30]} 41. Kf1 Re1# {[%emt 0:00:30]} 0-1

[Event "DVM U12 2020"]
[Site "Magdeburg GER"]
[Date "2021.08.05"]
[Round "1"]
[White "Heilmann, Ramon"]
[Black "Plath, Erik"]
[Result "0-1"]
[Termination "normal"]
[Board "9.4"]
[WhiteElo "996"]
[BlackElo "864"]
[WhiteClock "01:35:42"]
[BlackClock "01:24:17"]
[WhiteTeam "USV Erfurt"]
[BlackTeam "SV Werder Bremen"]
[PlyCount "140"]
[WhiteFideId "34608303"]
[BlackFideId "34608206"]
[EventCountry "GER"]
[EventRounds "7"]
[EventType "team-swiss"]
[EventDate "2021.08.04"]

1. e4 {[%emt 0:00:20]} e5 {[%emt 0:00:23]} 2. Nf3 {[%emt 0:00:00]} Nf6 3. Nc3
Nc6 {[%emt 0:00:10]} 4. Bc4 {[%emt 0:00:20]} Bc5 {[%emt 0:00:49]} 5. O-O {
[%emt 0:00:00]} O-O {[%emt 0:00:04]} 6. d3 {[%emt 0:00:19]} d6 {[%emt 0:00:17]}
7. Bg5 {[%emt 0:00:19]} h6 {[%emt 0:00:05]} 8. Bh4 {[%emt 0:00:13]} Bg4 {[%emt
0:00:30]} 9. h3 {[%emt 0:00:06]} Bh5 {[%emt 0:00:17]} 10. g4 {[%emt 0:00:27]}
Bg6 {[%emt 0:00:21]} 11. Nd5 {[%emt 0:00:52]} Nd4 {[%emt 0:01:24]} 12. Nxf6+ {
[%emt 0:00:00]} gxf6 {[%emt 0:00:00]} 13. Nxd4 {[%emt 0:00:11]} Bxd4 {[%emt 0:
00:40]} 14. c3 {[%emt 0:00:00]} Bc5 {[%emt 0:00:10]} 15. Qf3 {[%emt 0:00:17]}
Kg7 {[%emt 0:00:59]} 16. Kh2 {[%emt 0:01:37]} Rh8 {[%emt 0:02:20]} 17. Rg1 {
[%emt 0:00:10]} a6 {[%emt 0:01:41]} 18. Rg2 {[%emt 0:00:37]} b5 {[%emt 0:00:03]
} 19. Bb3 {[%emt 0:00:09]} a5 {[%emt 0:01:02]} 20. a3 {[%emt 0:00:26]} a4 {
[%emt 0:00:00]} 21. Ba2 {[%emt 0:00:07]} h5 {[%emt 0:02:31]} 22. g5 {[%emt 0:
00:23]} fxg5 {[%emt 0:01:28]} 23. Bxg5 {[%emt 0:00:25]} f6 {[%emt 0:00:29]} 24.
Bxf6+ {[%emt 0:00:20]} Qxf6 {[%emt 0:00:28]} 25. Qg3 {[%emt 0:01:39]} Qf4 {
[%emt 0:00:00]} 26. Qxf4 {[%emt 0:00:00]} exf4 {[%emt 0:01:26]} 27. d4 Bb6 {
[%emt 0:00:00]} 28. Rag1 {[%emt 0:00:00]} Rh6 {[%emt 0:00:15]} 29. Rg5 {[%emt
0:00:57]} Kf6 {[%emt 0:00:05]} 30. e5+ {[%emt 0:00:37]} dxe5 {[%emt 0:00:17]}
31. dxe5+ {[%emt 0:00:13]} Kg7 {[%emt 0:00:11]} 32. Rf5 {[%emt 0:00:34]} Bxf2 {
[%emt 0:00:30]} 33. Rf7+ {[%emt 0:00:06]} Kh8 {[%emt 0:00:16]} 34. Rf6 {[%emt
0:02:07]} Bxg1+ {[%emt 0:00:00]} 35. Kxg1 {[%emt 0:00:00]} Re8 {[%emt 0:00:00]}
36. e6 {[%emt 0:00:21]} Kg7 {[%emt 0:00:46]} 37. Rxf4 {[%emt 0:00:22]} Bd3 {
[%emt 0:00:30]} 38. Rf7+ {[%emt 0:00:16]} Kg6 {[%emt 0:00:36]} 39. Rxc7 {[%emt
0:00:35]} Bc4 {[%emt 0:00:39]} 40. Bxc4 {[%emt 0:00:04]} bxc4 {[%emt 0:00:17]}
41. Rc6 {[%emt 0:00:30]} Kf5 {[%emt 0:01:03]} 42. Rc5+ {[%emt 0:00:00]} Ke4 {
[%emt 0:00:00]} 43. Rxc4+ Kd3 44. Rxa4 {[%emt 0:00:31]} Rexe6 {[%emt 0:00:46]}
45. Rd4+ {[%emt 0:00:00]} Kc2 {[%emt 0:00:46]} 46. Rb4 {[%emt 0:00:00]} Re2 {
[%emt 0:00:37]} 47. Kf1 {[%emt 0:00:18]} Kd3 {[%emt 0:00:16]} 48. Rd4+ {[%emt
0:00:36]} Ke3 {[%emt 0:00:00]} 49. b4 {[%emt 0:00:45]} Rf6+ {[%emt 0:00:34]}
50. Kg1 {[%emt 0:00:14]} Rff2 {[%emt 0:00:08]} 51. Rd1 {[%emt 0:01:50]} Kf3 {
[%emt 0:00:00]} 52. Rd3+ {[%emt 0:00:00]} Re3 {[%emt 0:00:00]} 53. Rxe3+ Kxe3 {
[%emt 0:00:18]} 54. b5 {[%emt 0:00:20]} Rc2 {[%emt 0:00:14]} 55. b6 {[%emt 0:
00:31]} Rxc3 {[%emt 0:00:12]} 56. a4 {[%emt 0:00:11]} Rb3 {[%emt 0:01:27]} 57.
a5 Kf3 {[%emt 0:00:03]} 58. h4 {[%emt 0:00:44]} Rb1+ {[%emt 0:00:05]} 59. Kh2 {
[%emt 0:01:24]} Rb4 {[%emt 0:00:00]} 60. Kg1 {[%emt 0:00:13]} Rb1+ {[%emt 0:00:
37]} 61. Kh2 {[%emt 0:00:04]} Kg4 {[%emt 0:01:10]} 62. Kg2 {[%emt 0:00:46]}
Kxh4 {[%emt 0:00:00]} 63. Kh2 {[%emt 0:00:30]} Kg4 {[%emt 0:00:37]} 64. Kg2 {
[%emt 0:00:34]} h4 {[%emt 0:00:00]} 65. Kh2 {[%emt 0:00:35]} h3 {[%emt 0:00:04]
} 66. a6 {[%emt 0:00:58]} Rxb6 {[%emt 0:00:05]} 67. a7 {[%emt 0:00:27]} Ra6 {
[%emt 0:00:45]} 68. a8=Q {[%emt 0:00:07]} Rxa8 {[%emt 0:00:34]} 69. Kh1 {[%emt
0:00:37]} Kg3 {[%emt 0:00:00]} 70. Kg1 {[%emt 0:00:35]} Ra1# {[%emt 0:00:07]}
0-1

[Event "DVM U12 2020"]
[Site "Magdeburg GER"]
[Date "2021.08.05"]
[Round "2"]
[White "Kempe, Caius Emilian"]
[Black "Wunderlich, Elias"]
[Result "0-1"]
[Termination "normal"]
[Board "1.1"]
[WhiteElo "2013"]
[BlackElo "1602"]
[WhiteClock "00:47:07"]
[BlackClock "00:56:29"]
[WhiteTeam "USV TU Dresden"]
[BlackTeam "SC Garching 1980 e.V."]
[PlyCount "98"]
[WhiteFideId "16246861"]
[BlackFideId "34608087"]
[EventCountry "GER"]
[EventRounds "7"]
[EventType "team-swiss"]
[EventDate "2021.08.04"]

1. d4 {[%clk 01:30:53]} d5 {[%clk 01:30:54]} 2. c4 {[%clk 01:31:15]} c6 {[%clk
01:31:21]} 3. Nc3 {[%clk 01:31:25]} {[%emt 00:00:22]} Nf6 {[%clk 01:31:45]} 4.
Nf3 {[%clk 01:31:25]} {[%emt 00:00:34]} e6 {[%clk 01:32:03]} {[%emt 00:00:39]}
5. cxd5 {[%clk 01:31:20]} exd5 {[%clk 01:32:26]} {[%emt 00:00:39]} 6. Bg5
{[%clk 01:31:19]} Be7 {[%clk 01:32:42]} {[%emt 00:00:30]} 7. e3 {[%clk
01:31:15]} {[%emt 00:02:01]} Bf5 {[%clk 01:32:28]} 8. Bd3 {[%clk 01:30:43]}
Bxd3 {[%clk 01:32:22]} {[%emt 00:00:45]} 9. Qxd3 {[%clk 01:31:11]} Nbd7 {[%clk
01:32:34]} {[%emt 00:25:50]} 10. O-O {[%clk 01:31:32]} O-O {[%clk 01:32:54]}
11. Rab1 {[%clk 01:31:31]} b5 {[%clk 01:32:09]} 12. b4 {[%clk 01:31:34]} Re8
{[%clk 01:31:05]} 13. a4 {[%clk 01:30:40]} a6 {[%clk 01:31:17]} 14. Nd2 {[%clk
01:30:35]} Ne4 {[%clk 01:27:31]} 15. Bxe7 {[%clk 01:30:17]} Qxe7 {[%clk
01:27:47]} 16. Ncxe4 {[%clk 01:30:35]} dxe4 {[%clk 01:27:53]} 17. Qc2 {[%clk
01:30:49]} Rac8 {[%clk 01:27:21]} 18. Rfc1 {[%clk 01:30:56]} Nb6 {[%clk
01:26:48]} 19. a5 {[%clk 01:29:47]} Nd5 {[%clk 01:26:56]} 20. Qb2 {[%clk
01:28:32]} f5 {[%clk 01:26:52]} 21. Rc5 {[%clk 01:28:20]} Qf6 {[%clk 01:26:27]}
22. Nf1 {[%clk 01:27:39]} f4 {[%clk 01:26:08]} 23. exf4 {[%clk 01:27:13]}
{[%emt 00:00:11]} Nxf4 {[%clk 01:26:04]} 24. Rc2 {[%clk 01:23:12]} {[%emt
00:03:27]} Red8 {[%clk 01:25:16]} {[%emt 00:04:55]} 25. Rd1 {[%clk 01:16:50]}
{[%emt 00:02:55]} Nd3 {[%clk 01:24:55]} {[%emt 00:00:51]} 26. Qb3+ {[%clk
01:15:12]} {[%emt 00:03:07]} Kh8 {[%clk 01:25:15]} 27. Ng3 {[%clk 01:15:04]}
Qxd4 {[%clk 01:23:42]} {[%emt 00:09:21]} 28. Rcd2 {[%clk 01:12:54]} c5 {[%clk
01:19:40]} 29. bxc5 {[%clk 00:57:50]} {[%emt 00:17:21]} Rxc5 {[%clk 01:18:08]}
30. Qe6 {[%clk 00:58:04]} {[%emt 00:00:17]} Re5 {[%clk 01:15:27]} {[%emt
00:03:24]} 31. Qxa6 {[%clk 00:58:12]} {[%emt 00:00:07]} e3 {[%clk 01:13:08]}
{[%emt 00:04:47]} 32. Rxd3 {[%clk 00:56:48]} exf2+ {[%clk 01:13:15]} {[%emt
00:00:21]} 33. Kf1 {[%clk 00:57:02]} {[%emt 00:20:55]} Re1+ {[%clk 01:13:23]}
34. Rxe1 {[%clk 00:57:23]} fxe1=Q+ {[%clk 01:13:06]} 35. Kxe1 {[%clk 00:57:34]}
Qxd3 {[%clk 01:13:16]} 36. Qe6 {[%clk 00:52:35]} Qd2+ {[%clk 01:11:39]} 37. Kf1
{[%clk 00:53:05]} Qd1+ {[%clk 01:09:51]} 38. Kf2 {[%clk 00:53:11]} Rf8+ {[%clk
01:08:39]} 39. Ke3 {[%clk 00:53:31]} Qe1+ {[%clk 01:08:58]} 40. Ne2 {[%clk
00:53:53]} Qf2+ {[%clk 01:08:42]} 41. Kd3 {[%clk 00:53:58]} Rd8+ {[%clk
01:08:44]} 42. Kc2 {[%clk 00:52:35]} Qc5+ {[%clk 01:08:51]} {[%emt 00:00:09]}
43. Kb1 {[%clk 00:49:16]} {[%emt 00:06:33]} Rd1+ {[%clk 01:04:19]} 44. Ka2
{[%clk 00:47:50]} {[%emt 00:03:28]} Rd2+ {[%clk 01:01:21]} {[%emt 00:02:16]}
45. Kb3 {[%clk 00:47:51]} Rd3+ {[%clk 01:01:23]} {[%emt 00:09:34]} 46. Kb2
{[%clk 00:47:13]} Qb4+ {[%clk 00:59:59]} 47. Kc1 {[%clk 00:46:43]} Qe1+ {[%clk
00:56:21]} 48. Kb2 {[%clk 00:46:50]} Rd2+ {[%clk 00:56:21]} 49. Kb3 {[%clk
00:47:07]} {[%emt 00:02:35]} Rxe2 {[%clk 00:56:29]} 0-1

[Event "DVM U12 2020"]
[Site "Magdeburg GER"]
[Date "2021.08.05"]
[Round "2"]
[White "Sajka, Noah"]
[Black "Fruth, David"]
[Result "0-1"]
[Termination "normal"]
[Board "1.2"]
[WhiteElo "1393"]
[BlackElo "1749"]
[WhiteClock "00:31:09"]
[BlackClock "00:57:03"]
[WhiteTeam "SC Garching 1980 e.V."]
[BlackTeam "USV TU Dresden"]
[PlyCount "86"]
[WhiteFideId "34608192"]
[BlackFideId "16257596"]
[EventCountry "GER"]
[EventRounds "7"]
[EventType "team-swiss"]
[EventDate "2021.08.04"]

1. e4 {[%clk 01:30:59]} c5 {[%clk 01:30:01]} 2. c3 {[%clk 01:30:38]} d5 {[%clk
01:30:23]} 3. exd5 {[%clk 01:31:02]} Qxd5 {[%clk 01:30:47]} 4. d4 {[%clk
01:31:20]} g6 {[%clk 01:31:05]} {[%emt 00:03:22]} 5. Nf3 {[%clk 01:31:06]} Bg7
{[%clk 01:31:28]} 6. Na3 {[%clk 01:30:33]} cxd4 {[%clk 01:31:46]} 7. Nb5 {[%clk
01:29:57]} Na6 {[%clk 01:29:02]} {[%emt 00:04:38]} 8. Nbxd4 {[%clk 01:29:03]}
Nc7 {[%clk 01:26:33]} {[%emt 00:08:28]} 9. Be2 {[%clk 01:27:15]} Nf6 {[%clk
01:23:50]} 10. O-O {[%clk 01:26:31]} {[%emt 00:06:02]} O-O {[%clk 01:22:49]}
11. Bf4 {[%clk 01:23:53]} Ne6 {[%clk 01:21:27]} {[%emt 00:01:43]} 12. Nxe6
{[%clk 01:20:28]} {[%emt 00:04:31]} Qxe6 {[%clk 01:18:32]} {[%emt 00:11:49]}
13. h3 {[%clk 01:19:33]} Qb6 {[%clk 01:17:55]} 14. Qc1 {[%clk 01:14:15]} Nd5
{[%clk 01:15:42]} {[%emt 00:02:08]} 15. Bg3 {[%clk 01:13:19]} {[%emt 00:04:42]}
Be6 {[%clk 01:12:55]} 16. a4 {[%clk 01:10:40]} {[%emt 00:17:08]} a6 {[%clk
01:07:55]} 17. Ng5 {[%clk 01:07:58]} Bh6 {[%clk 01:07:03]} 18. c4 {[%clk
01:04:28]} Nb4 {[%clk 01:05:14]} {[%emt 00:02:18]} 19. Bf4 {[%clk 01:01:35]}
{[%emt 00:03:37]} Bg7 {[%clk 01:03:10]} {[%emt 00:06:08]} 20. Nxe6 {[%clk
00:58:40]} Qxe6 {[%clk 01:03:28]} 21. Bg4 {[%clk 00:54:48]} {[%emt 00:06:02]}
Qf6 {[%clk 01:02:08]} 22. Bg5 {[%clk 00:53:27]} {[%emt 00:06:10]} Qd6 {[%clk
00:58:37]} 23. Qd2 {[%clk 00:51:08]} {[%emt 00:10:01]} Qxd2 {[%clk 00:58:23]}
24. Bxd2 {[%clk 00:51:25]} Nd3 {[%clk 00:58:37]} 25. Be2 {[%clk 00:45:38]} Nxb2
{[%clk 00:57:34]} {[%emt 00:02:13]} 26. Ra2 {[%clk 00:45:39]} Rac8 {[%clk
00:57:10]} {[%emt 00:02:45]} 27. Rc1 {[%clk 00:45:43]} Rfd8 {[%clk 00:56:04]}
28. Bc3 {[%clk 00:44:48]} {[%emt 00:03:02]} Nd3 {[%clk 00:54:56]} 29. Bxd3
{[%clk 00:44:20]} {[%emt 00:07:00]} Rxd3 {[%clk 00:55:22]} 30. Bxg7 {[%clk
00:44:42]} Kxg7 {[%clk 00:55:51]} 31. Rb2 {[%clk 00:43:38]} Rc7 {[%clk
00:55:50]} 32. Kf1 {[%clk 00:43:11]} Ra3 {[%clk 00:55:08]} 33. Rcb1 {[%clk
00:41:49]} {[%emt 00:00:45]} Rxa4 {[%clk 00:55:17]} 34. Rxb7 {[%clk 00:42:11]}
{[%emt 00:00:03]} Raxc4 {[%clk 00:54:47]} {[%emt 00:00:59]} 35. Rxc7 {[%clk
00:36:17]} {[%emt 00:06:24]} Rxc7 {[%clk 00:54:18]} {[%emt 00:03:20]} 36. Ra1
{[%clk 00:35:01]} Ra7 {[%clk 00:54:42]} 37. Ke2 {[%clk 00:35:22]} a5 {[%clk
00:55:06]} 38. Kd3 {[%clk 00:35:46]} a4 {[%clk 00:55:28]} {[%emt 00:00:04]} 39.
Kc4 {[%clk 00:35:57]} {[%emt 00:00:16]} Kf6 {[%clk 00:55:51]} {[%emt 00:00:15]}
40. f3 {[%clk 00:33:25]} {[%emt 00:06:27]} Kf5 {[%clk 00:56:10]} 41. g3 {[%clk
00:33:43]} e5 {[%clk 00:56:11]} 42. Kb4 {[%clk 00:30:55]} {[%emt 00:00:37]} e4
{[%clk 00:56:34]} {[%emt 00:12:26]} 43. fxe4+ {[%clk 00:31:09]} Kxe4 {[%clk
00:57:03]} 0-1

[Event "DVM U12 2020"]
[Site "Magdeburg GER"]
[Date "2021.08.05"]
[Round "2"]
[White "Espig, Nils"]
[Black "Lange, Tobias"]
[Result "1-0"]
[Termination "normal"]
[Board "1.3"]
[WhiteElo "1601"]
[BlackElo "1399"]
[WhiteClock "01:12:04"]
[BlackClock "00:59:31"]
[WhiteTeam "USV TU Dresden"]
[BlackTeam "SC Garching 1980 e.V."]
[PlyCount "143"]
[WhiteFideId "16236980"]
[BlackFideId "34608281"]
[EventCountry "GER"]
[EventRounds "7"]
[EventType "team-swiss"]
[EventDate "2021.08.04"]

1. e4 {[%clk 01:30:55]} {[%emt 00:03:41]} e5 {[%clk 01:30:54]} 2. Nf3 {[%clk
01:31:19]} Nf6 {[%clk 01:31:18]} 3. Nxe5 {[%clk 01:31:37]} d6 {[%clk 01:31:43]}
4. Nf3 {[%clk 01:31:55]} Nxe4 {[%clk 01:32:06]} 5. Nc3 {[%clk 01:32:12]} {[%emt
00:00:04]} Nxc3 {[%clk 01:32:17]} 6. dxc3 {[%clk 01:32:34]} Be7 {[%clk
01:31:30]} 7. h3 {[%clk 01:30:29]} {[%emt 00:04:11]} Nc6 {[%clk 01:29:52]} 8.
Bd3 {[%clk 01:29:07]} {[%emt 00:13:06]} Be6 {[%clk 01:30:04]} 9. O-O {[%clk
01:28:36]} Qd7 {[%clk 01:30:03]} 10. Re1 {[%clk 01:28:10]} O-O-O {[%clk
01:30:00]} {[%emt 00:00:04]} 11. Bb5 {[%clk 01:28:24]} Bf6 {[%clk 01:23:44]}
12. Be3 {[%clk 01:24:45]} {[%emt 00:18:47]} h6 {[%clk 01:22:20]} 13. Bxa7
{[%clk 01:23:24]} Bxh3 {[%clk 01:17:00]} 14. gxh3 {[%clk 01:17:28]} Qxh3 {[%clk
01:17:24]} 15. Bxc6 {[%clk 01:10:30]} {[%emt 00:17:46]} bxc6 {[%clk 01:17:11]}
16. Bd4 {[%clk 01:10:00]} Qg4+ {[%clk 01:17:17]} 17. Kh1 {[%clk 01:09:15]} Qh3+
{[%clk 01:16:36]} 18. Nh2 {[%clk 01:09:29]} {[%emt 00:00:21]} Bg5 {[%clk
01:16:01]} 19. Qg4+ {[%clk 01:09:37]} Qxg4 {[%clk 01:15:57]} 20. Nxg4 {[%clk
01:10:04]} h5 {[%clk 01:15:35]} 21. Nh2 {[%clk 01:10:17]} f6 {[%clk 01:14:36]}
22. a4 {[%clk 01:10:18]} c5 {[%clk 01:14:31]} 23. Be3 {[%clk 01:10:43]} Bh4
{[%clk 01:13:50]} {[%emt 00:01:25]} 24. Nf3 {[%clk 01:10:54]} g5 {[%clk
01:14:00]} {[%emt 00:00:38]} 25. Nxh4 {[%clk 01:11:10]} {[%emt 00:00:14]} gxh4
{[%clk 01:14:22]} 26. Rg1 {[%clk 01:11:27]} {[%emt 00:00:04]} Rde8 {[%clk
01:12:38]} {[%emt 00:10:38]} 27. a5 {[%clk 01:11:28]} Re4 {[%clk 01:12:49]} 28.
a6 {[%clk 01:10:53]} f5 {[%clk 01:12:30]} 29. a7 {[%clk 01:10:08]} Kb7 {[%clk
01:12:47]} {[%emt 00:00:04]} 30. a8=Q+ {[%clk 01:09:16]} Rxa8 {[%clk 01:13:12]}
31. Rxa8 {[%clk 01:09:38]} Kxa8 {[%clk 01:13:30]} 32. Re1 {[%clk 01:09:24]} Rg4
{[%clk 01:12:08]} {[%emt 00:00:06]} 33. b3 {[%clk 01:08:52]} {[%emt 00:11:39]}
f4 {[%clk 01:11:27]} 34. Bd2 {[%clk 01:09:07]} d5 {[%clk 01:09:13]} 35. Rg1
{[%clk 01:09:18]} f3 {[%clk 01:08:38]} 36. Rxg4 {[%clk 01:09:33]} hxg4 {[%clk
01:08:54]} {[%emt 00:00:05]} 37. Kh2 {[%clk 01:09:19]} c4 {[%clk 01:08:53]} 38.
b4 {[%clk 01:09:40]} Kb7 {[%clk 01:08:42]} 39. Bg5 {[%clk 01:10:06]} {[%emt
00:00:04]} g3+ {[%clk 01:08:43]} 40. fxg3 {[%clk 01:09:52]} f2 {[%clk
01:08:52]} 41. Kg2 {[%clk 01:10:19]} hxg3 {[%clk 01:09:09]} 42. Bf4 {[%clk
01:10:40]} c5 {[%clk 01:08:43]} {[%emt 00:00:16]} 43. Bxg3 {[%clk 01:09:11]}
{[%emt 00:08:43]} cxb4 {[%clk 01:08:37]} 44. cxb4 {[%clk 01:09:36]} Kc6 {[%clk
01:05:14]} 45. Bxf2 {[%clk 01:09:42]} Kd6 {[%clk 01:01:03]} {[%emt 00:09:25]}
46. Bd4 {[%clk 01:09:58]} Ke6 {[%clk 01:00:57]} 47. c3 {[%clk 01:09:52]} Kd6
{[%clk 01:00:52]} 48. Kf3 {[%clk 01:10:15]} Ke6 {[%clk 01:00:13]} 49. Kf4
{[%clk 01:10:30]} Kd6 {[%clk 00:59:54]} 50. Kf5 {[%clk 01:10:45]} Kd7 {[%clk
00:58:51]} 51. Ke5 {[%clk 01:11:01]} {[%emt 00:00:10]} Kc6 {[%clk 00:59:08]}
52. Ke6 {[%clk 01:11:24]} {[%emt 00:00:12]} Kb5 {[%clk 00:58:53]} {[%emt
00:03:31]} 53. Kxd5 {[%clk 01:11:42]} Ka6 {[%clk 00:59:07]} 54. Kxc4 {[%clk
01:12:04]} Kb7 {[%clk 00:59:31]} 55. Kd5 Kc8 56. b5 Kb7 57. b6 Kc8 58. Kc6 Kb8
59. Be5+ Kc8 60. b7+ Kd8 61. b8=Q+ Ke7 62. Qd6+ Kf7 63. Qf6+ Ke8 64. Qe6+ Kf8
65. Bg7+ Kxg7 66. Qf5 Kg8 67. Qf6 Kh7 68. Qg5 Kh8 69. Kd6 Kh7 70. Ke7 Kh8 71.
Kf7 Kh7 72. Qg7 1-0

[Event "DVM U12 2020"]
[Site "Magdeburg GER"]
[Date "2021.08.05"]
[Round "2"]
[White "Chua, Daniel James"]
[Black "Schmidt, Frederick"]
[Result "1-0"]
[Termination "normal"]
[Board "1.4"]
[WhiteElo "1477"]
[BlackElo "1208"]
[WhiteClock "01:31:31"]
[BlackClock "00:20:40"]
[WhiteTeam "SC Garching 1980 e.V."]
[BlackTeam "USV TU Dresden"]
[PlyCount "121"]
[WhiteFideId "34608354"]
[BlackFideId "34608176"]
[EventCountry "GER"]
[EventRounds "7"]
[EventType "team-swiss"]
[EventDate "2021.08.04"]

1. e4 {[%clk 01:30:57]} {[%emt 00:03:19]} e5 {[%clk 01:30:52]} 2. Nf3 {[%clk
01:31:20]} d6 {[%clk 01:31:11]} 3. Bc4 {[%clk 01:31:41]} Be7 {[%clk 01:31:30]}
4. Nc3 {[%clk 01:31:49]} Nf6 {[%clk 01:31:50]} 5. d3 {[%clk 01:32:03]} O-O
{[%clk 01:32:40]} 6. O-O {[%clk 01:31:52]} c6 {[%clk 01:33:00]} 7. Be3 {[%clk
01:31:18]} d5 {[%clk 01:33:00]} 8. Nxe5 {[%clk 01:31:18]} dxc4 {[%clk
01:33:33]} 9. Nxc4 {[%clk 01:31:04]} Be6 {[%clk 01:33:34]} 10. e5 {[%clk
01:30:56]} Nd5 {[%clk 01:33:28]} 11. Nxd5 {[%clk 01:30:38]} Bxd5 {[%clk
01:33:29]} 12. f4 {[%clk 01:30:52]} Nd7 {[%clk 01:33:09]} 13. Bd4 {[%clk
01:30:51]} Bc5 {[%clk 01:32:51]} 14. c3 {[%clk 01:30:45]} Bxd4+ {[%clk
01:32:08]} 15. cxd4 {[%clk 01:31:00]} Nb6 {[%clk 01:32:27]} 16. Nd6 {[%clk
01:30:39]} f6 {[%clk 01:28:43]} 17. Qg4 {[%clk 01:30:25]} Qc7 {[%clk 01:26:45]}
{[%emt 00:02:15]} 18. Rfe1 {[%clk 01:26:50]} Qe7 {[%clk 01:23:27]} {[%emt
00:05:42]} 19. Re3 {[%clk 01:26:44]} Nc8 {[%clk 01:20:10]} {[%emt 00:08:54]}
20. Nf5 {[%clk 01:26:45]} Qc7 {[%clk 01:18:58]} 21. Rg3 {[%clk 01:26:45]} g6
{[%clk 01:17:38]} 22. h4 {[%clk 01:26:11]} {[%emt 00:06:27]} Kh8 {[%clk
01:15:51]} 23. Ne3 {[%clk 01:26:10]} Ne7 {[%clk 01:13:27]} {[%emt 00:00:20]}
24. h5 {[%clk 01:26:13]} {[%emt 00:05:36]} Rad8 {[%clk 01:08:42]} 25. hxg6
{[%clk 01:26:22]} {[%emt 00:01:00]} Nxg6 {[%clk 01:08:30]} {[%emt 00:00:11]}
26. f5 {[%clk 01:26:17]} {[%emt 00:07:58]} Qg7 {[%clk 01:01:32]} 27. fxg6
{[%clk 01:26:32]} {[%emt 00:00:21]} hxg6 {[%clk 01:00:19]} {[%emt 00:02:50]}
28. Qxg6 {[%clk 01:26:08]} Qxg6 {[%clk 00:59:59]} {[%emt 00:01:57]} 29. Rxg6
{[%clk 01:26:29]} fxe5 {[%clk 01:00:03]} 30. dxe5 {[%clk 01:26:44]} Bf7 {[%clk
01:00:03]} 31. Rd6 {[%clk 01:26:44]} Rxd6 {[%clk 01:00:03]} 32. exd6 {[%clk
01:26:44]} Rd8 {[%clk 00:59:22]} {[%emt 00:02:34]} 33. Nc4 Bxc4 34. dxc4 {[%clk
01:26:57]} Rxd6 {[%clk 00:59:31]} 35. b4 {[%clk 01:26:51]} Rd4 {[%clk
00:58:53]} 36. Re1 {[%clk 01:27:03]} {[%emt 00:03:06]} Rxc4 {[%clk 00:58:25]}
37. Re8+ {[%clk 01:27:22]} Kg7 {[%clk 00:58:12]} 38. Re7+ {[%clk 01:27:41]} Kf8
{[%clk 00:58:22]} 39. Rxb7 {[%clk 01:28:08]} a6 {[%clk 00:58:22]} {[%emt
00:00:13]} 40. Rb6 {[%clk 01:28:20]} {[%emt 00:03:16]} Ke7 {[%clk 00:55:59]}
41. Rxa6 {[%clk 01:28:43]} {[%emt 00:00:11]} Rxb4 {[%clk 00:56:11]} {[%emt
00:00:47]} 42. Rxc6 {[%clk 01:29:06]} Rb1+ {[%clk 00:56:20]} 43. Kh2 {[%clk
01:29:29]} Rb2 {[%clk 00:55:45]} {[%emt 00:30:03]} 44. Ra6 {[%clk 01:29:39]}
Kd7 {[%clk 00:54:31]} 45. Kh3 {[%clk 01:30:01]} Kc7 {[%clk 00:30:24]} 46. g4
{[%clk 01:27:58]} {[%emt 00:01:45]} Kb7 {[%clk 00:30:01]} 47. Ra3 {[%clk
01:28:00]} Rb5 {[%clk 00:29:04]} {[%emt 00:02:50]} 48. Rg3 {[%clk 01:28:21]}
Rb2 {[%clk 00:27:32]} {[%emt 00:03:54]} 49. a3 {[%clk 01:28:43]} Kc7 {[%clk
00:27:28]} 50. g5 {[%clk 01:28:31]} Kd7 {[%clk 00:26:11]} 51. g6 {[%clk
01:28:52]} {[%emt 00:00:07]} Rb8 {[%clk 00:26:27]} {[%emt 00:00:14]} 52. g7
{[%clk 01:29:15]} {[%emt 00:17:40]} Rg8 {[%clk 00:26:52]} 53. Kh4 {[%clk
01:29:42]} Ke7 {[%clk 00:27:09]} 54. Kh5 {[%clk 01:29:28]} Kf7 {[%clk
00:25:26]} 55. Kh6 {[%clk 01:29:36]} Ra8 {[%clk 00:22:43]} 56. Kh7 {[%clk
01:29:50]} Rb8 {[%clk 00:20:35]} {[%emt 00:01:24]} 57. g8=Q+ {[%clk 01:30:06]}
Rxg8 {[%clk 00:20:49]} 58. Rxg8 {[%clk 01:30:31]} Ke7 {[%clk 00:21:03]} 59. Rg6
{[%clk 01:30:56]} Kd7 {[%clk 00:21:28]} 60. a4 {[%clk 01:31:21]} Kc7 {[%clk
00:20:40]} 61. a5 {[%clk 01:31:31]} 1-0